00000000nam##2200000za#4500
0019.603086
003CaOODSP
00520210624210908
007cr |||||||||||
008150406|2000||||xxc|||||o    f|0| 0 fre|d
040 |aCaOODSP|bfre
043 |an-cn---
0861 |aH50-3/97-2000F-PDF
1101 |aCanada. |bSanté Canada.
24510|aCônage d'oreille |h[ressource électronique]
260 |aOttawa - Ontario : |bSanté Canada |cLe 8 septembre 2000.
300 |a2p.
4901 |aVotre santé et vous
504 |aBibliographie.
590 |a12-03-Supp|b2012-02-14
77508|tEar candling |w(CaOODSP)9.572820
7760#|tCônage d'oreille |w(CaOODSP)9.625449
830#0|aVotre santé et vous.|w(CaOODSP)9.501134
85640|ahttp://publications.gc.ca|qPDF|s68Ko|uhttps://publications.gc.ca/collections/Collection/H50-3-97-2000F.pdf